Gaming Quiz

Random Gaming or Video Games Quiz

Top 50 Games on Metacritic Quiz Stats

 Plays Quiz not verified by Sporcle

Support Sporcle.
Go Orange.
Score 0/50 Timer 12:00
0 Plays Today
Hint Game % Correct
1. (N64, 1998, Score=99)The Legend of Zelda: Ocarina of Time
88.6%
9. (Switch, 2017, Score=97)The Legend of Zelda: Breath of the Wild
84.1%
5. (Wii, 2007, Score=97)Super Mario Galaxy
79.5%
8. (PS3/X360/PC, 2013, Score=97)Grand Theft Auto V
79.5%
15. (XBOX, 2001, Score=97)Halo: Combat Evolved
79.5%
35. (PS3/X360, 2010, Score=95)Red Dead Redemption
77.3%
3. (PS3/X360, 2008, Score=98)Grand Theft Auto IV
75%
21. (GC/PS2, 2005, Score=96)Resident Evil 4
75%
37. (XBOX, 2004, Score=95)Halo 2
75%
6. (Wii, 2010, Score=97)Super Mario Galaxy 2
70.5%
14. (Switch, 2017, Score=97)Super Mario Odyssey
70.5%
17. (PC, 2004, Score=96)Half-Life 2
70.5%
27. (PC, 1998, Score=96)Half-Life
70.5%
32. (PS2, 2004, Score=95)Grand Theft Auto: San Andreas
70.5%
38. (N64, 1998, Score=95)The Legend of Zelda: Majora's Mask
70.5%
45. (PS1, 2000, Score=94)Final Fantasy IX
70.5%
47. (PS4, 2018, Score=94)God of War (2018)
70.5%
26. (PS3/X360/PC, 2011, Score=96)The Elder Scrolls V: Skyrim
68.2%
7. (PS4/XONE/PC, 2018, Score=97)Red Dead Redemption 2
65.9%
25. (GC/Wii, 2006, Score=96)The Legend of Zelda: Twilight Princess
65.9%
13. (PS2, 2001, Score=97)Grand Theft Auto III
63.6%
41. (PS3/X360/PC, 2011, Score=95)Portal 2
63.6%
19. (N64, 1997, Score=96)Goldeneye 007
61.4%
28. (GC, 2003, Score=96)The Legend of Zelda: The Wind Waker
61.4%
39. (PS3, 2013, Score=95)The Last of Us
61.4%
Hint Game % Correct
20. (PS3, 2009, Score=96)Uncharted 2: Among Thieves
59.1%
30. (PS2, 2001, Score=96)Metal Gear Solid 2: Sons of Liberty
56.8%
2. (PS1/N64, 2000, Score=98)Tony Hawk's Pro Skater 2
54.5%
33. (PS2, 2002, Score=95)Grand Theft Auto: Vice City
54.5%
42. (PS4/XONE/PC, 2015, Score=95)Metal Gear Solid V: The Phantom Pain
54.5%
12. (GC, 2002, Score=97)Metroid Prime
52.3%
18. (X360/PS3/PC, 2007, Score=96)BioShock
52.3%
50. (PS3/X360, 2007, Score=94)Call of Duty 4: Modern Warfare
50%
10. (PS2/GC/XBOX, 2001, Score=97)Tony Hawk's Pro Skater 3
50%
11. (N64, 2000, Score=97)Perfect Dark
50%
24. (PS3/X360/PC, 2010, Score=96)Mass Effect 2
50%
29. (PS1, 1998, Score=96)Gran Turismo
50%
44. (PS3/X360/PC, 2013, Score=94)BioShock Infinite
47.7%
4. (DC, 1999, Score=98)SoulCalibur
45.5%
36. (PS2, 2003, Score=95)Gran Turismo 3: A-Spec
45.5%
46. (PS3/X360, 2009, Score=94)Call of Duty: Modern Warfare 2
45.5%
22. (PS3/X360/PC, 2011, Score=96)Batman: Arkham City
40.9%
48. (PS2, 2001, Score=94)Devil May Cry
38.6%
48. (PS2/GC/XBOX, 2002, Score=94)Tony Hawk's Pro Skater 4
38.6%
23. (PS1, 1998, Score=96)Tekken 3
31.8%
31. (PC, 2000, Score=95)Baldur's Gate II: Shadows of Amn
31.8%
34. (PS3, 2008, Score=95)LittleBigPlanet
31.8%
40. (PS2/GC/XBOX/PC, 2002, Score=95)Madden NFL 2003
22.7%
43. (Wii, 2008, Score=94)World of Goo
20.5%
16. (DC, 2000, Score=97)NFL 2K1
18.2%

You're not logged in!

Compare scores with friends on all Sporcle quizzes.
OR
Log In

From the Vault

NFL Career QB Wins

by Sam

We heard someone on this list just retired....again.
Remove Ads.
Support Sporcle.
Get the best of Sporcle when you Go Orange. This ad-free experience offers more features, more stats, and more fun while also helping to support Sporcle. Thank you for becoming a member.

Show Comments

Extras

Top Quizzes Today


Score Distribution

Your Account Isn't Verified!

In order to create a playlist on Sporcle, you need to verify the email address you used during registration. Go to your Sporcle Settings to finish the process.

Report this User

Report this user for behavior that violates our Community Guidelines.

Details: